| 000 | 00479nam a2200181Ia 4500 | ||
|---|---|---|---|
| 003 | GCL | ||
| 008 | 140319s9999 xx 000 0 eng d | ||
| 040 |
_aGCL / _cGCL |
||
| 082 | 0 | 4 |
_a547.70459 _bK A |
| 100 | 1 | _aKOSKINEN, ARI | |
| 245 | 1 | 0 |
_aA SYMMETRIC SYNTHESIS OF NATURAL PRODUCTS / _cKOSKINEN, ARI |
| 260 |
_a[S.N] : _bJOHN WILEY AND SONS. INC ، _c1993 |
||
| 300 | _a234 | ||
| 650 | 0 | 4 | _aSYNTHESIS |
| 650 | 0 | 4 | _aASYMMETRY |
| 650 | 0 | 4 | _aNATURAL PRODUCTS |
| 942 |
_2ddc _cBK |
||
| 999 |
_c16497 _d16497 |
||